Revista de derecho procesal 2014 - 1 : abuso del proceso /
Guardado en:
| Formato: | Libro |
|---|---|
| Idioma: | Spanish |
| Publicado: |
Santa Fe :
Rubinzal - Culzoni,
2014.
|
| Edición: | 1a. ed. |
| Materias: | |
| Etiquetas: |
Agregar Etiqueta
Sin Etiquetas, Sea el primero en etiquetar este registro!
|
| LEADER | 00573nam a22001815a 4500 | ||
|---|---|---|---|
| 001 | DER.der013943 | ||
| 008 | 190903s2014####ag#||||||||||||||#||spa|| | ||
| 005 | 20230613121254.0 | ||
| 245 | 1 | 0 | |a Revista de derecho procesal 2014 - 1 : |b abuso del proceso / |c dirigido por Roland Arazi. |
| 250 | |a 1a. ed. | ||
| 260 | |a Santa Fe : |b Rubinzal - Culzoni, |c 2014. | ||
| 300 | |a 675 p. | ||
| 020 | |a 9789873004407 | ||
| 700 | 1 | |a Arazi, Roland, |e dir. | |
| 650 | 7 | |a ETICA DEL PROCESO | |
| 650 | 7 | |a MEDIDAS CAUTELARES | |
| 650 | 7 | |a INSTANCIA DE CASACION | |
| 859 | |a DERECHO |b BIB. DERECHO |h 347.05 |i REV |p 009132 | ||
